LIBRARY & INFORMATION CENTRE, KCAET, TAVANUR

ONLINE PUBLIC ACCESS CATALOGUE (OPAC)

Normal view MARC view
  • RAHUL B. T

Entry Personal Name

Number of records used in: 1

001 - CONTROL NUMBER

  • control field: 3668

003 - CONTROL NUMBER IDENTIFIER

  • control field: OSt

005 - DATE AND TIME OF LATEST TRANSACTION

  • control field: 20181010152350.0

008 - FIXED-LENGTH DATA ELEMENTS

  • fixed length control field: 181010|| aca||aabn | a|a d

040 ## - CATALOGING SOURCE

  • Original cataloging agency: OSt
  • Transcribing agency: OSt

100 ## - HEADING--PERSONAL NAME

  • Personal name: RAHUL B. T

670 ## - SOURCE DATA FOUND

  • Source citation: Work cat.: (OSt)15145: RAHUL B. T, Analysis of Meenachil watershed using foss GIS tools
free website counter